Tham khảo biên dịch văn hóa Việt Nam: Rối nước = Frequently asked questions about Vietnamese culture: Water puppets
Tìm hiểu nghệ thuật múa rối nước ở Việt Nam. Sự bắt nguồn của rối nước, âm nhạc, các nét trạm trổ của con rối truyền thống, tìm hiểu về văn hoá Việt Nam múa rối nước, vai trò của chú Tễu......
Bewaard in:
| Hoofdauteur: | |
|---|---|
| Formaat: | Boek |
| Taal: | Undetermined |
| Gepubliceerd in: |
Hà Nội
Thế giới
2006
|
| Onderwerpen: | |
| Tags: |
Voeg label toe
Geen labels, Wees de eerste die dit record labelt!
|
| Thư viện lưu trữ: | Trung tâm Học liệu Trường Đại học Cần Thơ |
|---|
| LEADER | 01078nam a2200229Ia 4500 | ||
|---|---|---|---|
| 001 | CTU_133363 | ||
| 008 | 210402s9999 xx 000 0 und d | ||
| 020 | |c 10000 | ||
| 082 | |a 791.53 | ||
| 082 | |b H566 | ||
| 100 | |a Hữu Ngọc | ||
| 245 | 0 | |a Tham khảo biên dịch văn hóa Việt Nam: Rối nước = | |
| 245 | 0 | |b Frequently asked questions about Vietnamese culture: Water puppets | |
| 245 | 0 | |c Hữu Ngọc, Lady Borton | |
| 260 | |a Hà Nội | ||
| 260 | |b Thế giới | ||
| 260 | |c 2006 | ||
| 520 | |a Tìm hiểu nghệ thuật múa rối nước ở Việt Nam. Sự bắt nguồn của rối nước, âm nhạc, các nét trạm trổ của con rối truyền thống, tìm hiểu về văn hoá Việt Nam múa rối nước, vai trò của chú Tễu... | ||
| 650 | |a Puppet theater,Puppetry,Nhà hát con rối,Nghệ thuật múa rối | ||
| 650 | |z Viet nam,Việt Nam | ||
| 904 | |i Trọng Hải | ||
| 980 | |a Trung tâm Học liệu Trường Đại học Cần Thơ | ||